<?xml version="1.0" encoding="UTF-8"?>
<record
    xmlns:xsi="http://www.w3.org/2001/XMLSchema-instance"
    xsi:schemaLocation="http://www.loc.gov/MARC21/slim http://www.loc.gov/standards/marcxml/schema/MARC21slim.xsd"
    xmlns="http://www.loc.gov/MARC21/slim">

  <leader>01731nam a2200349 a 4500</leader>
  <controlfield tag="001">79442</controlfield>
  <controlfield tag="003">BD-RjUL</controlfield>
  <controlfield tag="005">20220222143341.0</controlfield>
  <controlfield tag="008">220222s1966    le            000 0 eng d</controlfield>
  <datafield tag="035" ind1=" " ind2=" ">
    <subfield code="a">(BD-RjUL)79442</subfield>
  </datafield>
  <datafield tag="040" ind1=" " ind2=" ">
    <subfield code="a">HAI</subfield>
    <subfield code="b">eng</subfield>
    <subfield code="c">BD-RjUL</subfield>
  </datafield>
  <datafield tag="041" ind1="0" ind2=" ">
    <subfield code="a">eng</subfield>
    <subfield code="a">ara</subfield>
  </datafield>
  <datafield tag="082" ind1=" " ind2=" ">
    <subfield code="2">23</subfield>
    <subfield code="a">181.07</subfield>
    <subfield code="b">RAS 1966</subfield>
  </datafield>
  <datafield tag="100" ind1="1" ind2=" ">
    <subfield code="a">R&#x101;z&#x12B;, Fakhr al-D&#x12B;n Mu&#x1E25;ammad ibn &#x2BB;Umar,</subfield>
    <subfield code="d">1149 or 1150-1210</subfield>
    <subfield code="9">1531</subfield>
  </datafield>
  <datafield tag="245" ind1="1" ind2="2">
    <subfield code="a">A study of Fakhr al-Din al-Razi, and his controversies in Transoxiana /</subfield>
    <subfield code="c">[by] Fathalla Kholeif</subfield>
  </datafield>
  <datafield tag="246" ind1="3" ind2="3">
    <subfield code="a">&#x645;&#x646;&#x627;&#x638;&#x631;&#x627;&#x62A; &#x641;&#x62E;&#x631; &#x627;&#x644;&#x62F;&#x64A;&#x646; &#x627;&#x644;&#x631;&#x627;&#x632;&#x64A; &#x641;&#x64A; &#x628;&#x644;&#x627;&#x62F; &#x645;&#x627; &#x648;&#x631;&#x627;&#x621; &#x627;&#x644;&#x646;&#x647;&#x631;</subfield>
  </datafield>
  <datafield tag="260" ind1=" " ind2=" ">
    <subfield code="a">Beyrouth :</subfield>
    <subfield code="b">Dar el-Machreq,</subfield>
    <subfield code="c">1966</subfield>
  </datafield>
  <datafield tag="300" ind1=" " ind2=" ">
    <subfield code="a">xvi, 226, 70 p. ;</subfield>
    <subfield code="c">25 cm.</subfield>
  </datafield>
  <datafield tag="490" ind1="1" ind2=" ">
    <subfield code="a">Universite Saint-Joseph (Beirut, Lebanon). Institut de lettres orientales. Recherches ;</subfield>
    <subfield code="v">1:31</subfield>
  </datafield>
  <datafield tag="490" ind1="1" ind2=" ">
    <subfield code="a">Recherches (Universite Saint-Joseph (Beirut, Lebanon). Institut de lettres orientales).</subfield>
  </datafield>
  <datafield tag="500" ind1=" " ind2=" ">
    <subfield code="a">&#x628;&#x627;&#x628; &#x627;&#x636;&#x627;&#x641;&#x64A; &#x628;&#x627;&#x644;&#x639;&#x631;&#x628;&#x64A;&#x629;: &#x645;&#x646;&#x627;&#x638;&#x631;&#x627;&#x62A; &#x641;&#x62E;&#x631; &#x627;&#x644;&#x62F;&#x64A;&#x646; &#x627;&#x644;&#x631;&#x627;&#x632;&#x64A; &#x641;&#x64A; &#x628;&#x644;&#x627;&#x62F; &#x645;&#x627; &#x648;&#x631;&#x627;&#x621; &#x627;&#x644;&#x646;&#x647;&#x631;</subfield>
  </datafield>
  <datafield tag="500" ind1=" " ind2=" ">
    <subfield code="a">In Arabic and English.</subfield>
  </datafield>
  <datafield tag="500" ind1=" " ind2=" ">
    <subfield code="a">Added t.p. in Arabic.</subfield>
  </datafield>
  <datafield tag="650" ind1=" " ind2="4">
    <subfield code="a">Islamic philosophy</subfield>
    <subfield code="v">Early works to 1800.</subfield>
    <subfield code="9">1532</subfield>
  </datafield>
  <datafield tag="700" ind1="1" ind2=" ">
    <subfield code="a">&#x627;&#x644;&#x631;&#x627;&#x632;&#x64A;&#x60C; &#x641;&#x62E;&#x631; &#x627;&#x644;&#x62F;&#x64A;&#x646; &#x645;&#x62D;&#x645;&#x62F; &#x628;&#x646; &#x639;&#x645;&#x631;&#x60C;</subfield>
    <subfield code="d">1149 &#x623;&#x648; 1150-1210</subfield>
    <subfield code="9">1533</subfield>
  </datafield>
  <datafield tag="700" ind1="1" ind2=" ">
    <subfield code="a">&#x62E;&#x644;&#x64A;&#x641;&#x60C; &#x641;&#x62A;&#x62D; &#x627;&#x644;&#x644;&#x647;</subfield>
    <subfield code="9">1534</subfield>
  </datafield>
  <datafield tag="700" ind1="1" ind2=" ">
    <subfield code="a">Khulaif, Fath Allah</subfield>
    <subfield code="9">1535</subfield>
  </datafield>
  <datafield tag="830" ind1=" " ind2="0">
    <subfield code="a">Recherches (Universite Saint-Joseph (Beirut, Lebanon). Institut de lettres orientales)</subfield>
    <subfield code="9">1536</subfield>
  </datafield>
  <datafield tag="830" ind1=" " ind2="0">
    <subfield code="a">Recherches (Universite Saint-Joseph (Beirut, Lebanon). Institut de lettres orientales) ;</subfield>
    <subfield code="v">31</subfield>
    <subfield code="9">1536</subfield>
  </datafield>
  <datafield tag="830" ind1=" " ind2="0">
    <subfield code="a">Recherches (Universite Saint-Joseph (Beirut, Lebanon). Institut de lettres orientales).</subfield>
    <subfield code="9">1536</subfield>
  </datafield>
  <datafield tag="942" ind1=" " ind2=" ">
    <subfield code="2">ddc</subfield>
    <subfield code="c">BK</subfield>
  </datafield>
  <datafield tag="999" ind1=" " ind2=" ">
    <subfield code="c">79442</subfield>
    <subfield code="d">79442</subfield>
  </datafield>
  <datafield tag="952" ind1=" " ind2=" ">
    <subfield code="0">0</subfield>
    <subfield code="1">0</subfield>
    <subfield code="2">ddc</subfield>
    <subfield code="4">0</subfield>
    <subfield code="7">1</subfield>
    <subfield code="8">NFIC</subfield>
    <subfield code="a">RUCL</subfield>
    <subfield code="b">RUCL</subfield>
    <subfield code="c">Reading</subfield>
    <subfield code="d">1968-09-24</subfield>
    <subfield code="e">Zeitlinger</subfield>
    <subfield code="l">0</subfield>
    <subfield code="o">A 181.07 RAS 1966</subfield>
    <subfield code="r">2022-02-22 00:00:00</subfield>
    <subfield code="t">C-1</subfield>
    <subfield code="w">2022-02-22</subfield>
    <subfield code="y">BK</subfield>
  </datafield>
</record>
